=LDR 00000nam 2200000 4500 =001 NUTBA000000000000497 =005 20140325100658.0 =006 =007 =008 =020 ##$$a 979-462-850-6 =035 ##$$0010-031400000000496 =082 ##$$a 410.7 SOM. =100 ##$$a somad adi abdul =245 ##$$a aktif dan kreatif berbahasa indonesia =260 ##$$a jakarta pusat $b Dep.pendidikan nasional $c 2008 =300 ##$$a ix, 232 hlm $b Ilus $c 30 cm =850 ##$$a NBPNMAT =990 ##$$a 91453/BPAP-NTB/2014 =990 ##$$a 0001/BPAP-NTB/20142014 =990 ##$$a 2090100861/BPAP-NTB/2015 =990 ##$$a 2090100862/BPAP-NTB/2015 =990 ##$$a 2090101558/BPAP-NTB/2015 =990 ##$$a 0001/BPAP-NTB/2015